[Event "Panama op 1st"]
[Site "Panama City"]
[Date "2011.11.06"]
[Round "7"]
[White "Tiviakov, Sergei"]
[Black "Hevia Alejano, Carlos Antonio"]
[Result "1-0"]
[WhiteElo "2650"]
[BlackElo "2520"]
[Annotator "Tiviakov,S"]
[PlyCount "65"]
[EventDate "2011.11.03"]
[EventType "swiss"]
[EventRounds "9"]
[EventCountry "PAN"]
[SourceTitle "CBM 145"]
[Source "ChessBase"]
[SourceDate "2011.11.11"]
[SourceVersion "1"]
[SourceVersionDate "2011.11.11"]
[SourceQuality "1"]

{This game from the 7th round of the Panama Chess Open 2011 was very important
for me. After the 6th round I was in the large group of players fighting for
the lead in the tournament. Most of them were from Cuba. Playing against the
Cuban players is very tough, their rating is much lower than their real
strength. It is only recently they have got the opportunity to travel abroad
rather easily and the situation in Cuba and with the Cuban players remains
very similar to what we had during the last years of the Soviet Union when
suddenly all the Soviet players got the chance to travel abroad. That's why I
am very proud with my 1st place in Panama where most of the strong players
were from Cuba.  In this particular game I had to play against a very talented
young Cuban player with a GM rating of 2520 but without any international
title.} 1. e4 c5 {The Najdorf Defence is the main weapon of my opponent and
usually I don't enter this variation against young players. Not only it is
quite difficult to get an advantage there but due to the sharp character of
the game White has a huge risk of losing. So besides playing 2.c3 I have
another weapon at my disposal aimed specially against Najdorf players. Some
time ago I wrote a database survey for New In Chess with a subject "Avoiding
the Najdorf variation in the Sicilian Defense". So this game is another good
example how White can successfully avoid it!} 2. Nc3 {After this move Black
cannot get the Najdorf any more!} d6 3. f4 {The point of the White plan. Now
Black has transposed the game into the Dragon otherwise he will find himself
in a much worse position.} Nc6 4. Nf3 g6 5. d4 cxd4 6. Nxd4 Bg7 7. Be3 Nf6 8.
Be2 {Now we have the Classical Dragon on the board. Of course, with correct
play Black can equalise here without much problem. But in order to do so he
must not only know some theoretical lines (which also can be very sharp) but
also have some experience playing it. Most Najdorf players have absolutely no
experience playing Dragon! And because of that White gets good chances for the
successfult outcome of the game. I have a 100% score (5 out of 5) here with
White with a performance of 3176! With Black my score in the position after 9.
Nb3 is less impressive, but it is still 4.5 out of 5. So in total I score 9,5
out of 10 here with both colours!} O-O 9. Nb3 Be6 10. O-O {I was quite happy
with the opening right at this point. Clearly my opponent was not prepared for
this line and he didn't know what to do here. He started thinking a lot trying
to make simple theoretical moves. Another very important thing is that I had
had a very good experience in this position but with Black playing the Dragon
for lots of years!} Na5 {Although rare, this move is completely natural and
good.} 11. Bd4 $5 ({White has plenty of possibilities here. I chose a not very
popular one in order to completely destroy any preparation of my opponent (if
he could have had any) and send the game into channels of 'pure play!} 11. f5)
(11. Kh1) (11. g4) (11. Nxa5) (11. e5) 11... Bc4 ({After} 11... Nc6 {White has
to play} 12. Bf2 {in order to avoid the repetition of the position. Or on move
13 he can choose another move instead of playing Be3-d4!} (12. Be3 $11)) (11...
Nc4 $4 {loses a piece after} 12. f5 $18) (11... Rc8) (11... a6) 12. Bd3 ({
I wanted to keep the tension in the position, but the simple} 12. Nxa5 Bxe2 13.
Qxe2 Qxa5 14. Rad1 $14 {with small but pleasant advantage for White is,
probably, better.} (14. a3 $14 {is possible as well.})) 12... Bxd3 $1 $146 {
An improvement to the rather old game! You see that already on move 12 the
game is already out of theory. Is it possible to have the same in the
Najdorf?! :-)} (12... Nxb3 13. axb3 Bxd3 14. Qxd3 $14 {gave White an advantage:
} a6 15. Rad1 Rc8 16. Ne2 Qc7 17. c4 e5 18. Be3 Ng4 19. f5 Nxe3 20. Qxe3 Qc5
21. Qxc5 dxc5 22. Rd7 Bh6 23. Kf2 gxf5 24. exf5 f6 25. Rfd1 b5 26. Rb7 Rfd8 27.
Rxd8+ Rxd8 28. cxb5 axb5 29. Rxb5 Rd3 30. Ng3 Rd2+ 31. Kf3 Rxb2 32. Ne4 c4 33.
bxc4 Rc2 34. Nxf6+ Kg7 35. Ne4 Rxc4 36. Rxe5 Rc1 37. g4 Kf7 38. Re6 Bf8 39.
Ng5+ Kg7 40. Ne4 Kf7 41. Rb6 Rf1+ 42. Kg3 Rg1+ 43. Kh3 h6 44. Rb7+ Ke8 45. Nf6+
Kd8 46. Rd7+ Kc8 47. Rd3 Be7 48. Nh7 h5 49. g5 Bxg5 50. Rg3 Be3 51. Rxe3 Rg7
52. Nf6 Rf7 53. Re6 Kd8 54. Kh4 Rf8 55. Re8+ Rxe8 56. Nxe8 Kxe8 57. Kxh5 {
1-0 Yanofsky,D-Holowach,W/Canada 1945/HCL (57)}) 13. cxd3 (13. Qxd3 Nc6 $11 {
promises nothing to White.}) 13... Nc6 $6 (13... Nxb3 {was better. After} 14.
axb3 (14. Qxb3 $6 Nxe4 15. Bxg7 Nc5 $15) 14... Nd7 15. Be3 f5 $11 {Black keeps
equal chances. But, obviously, my opponent did not fancy opening the a-file.})
14. Bf2 (14. Bxf6 Bxf6 15. d4 $14 {was a worthy alternative to the text move
with a small plus for White. But, of course, such exchanging moves are rarely
seen in practice.}) (14. Be3 $6 d5 $1 {is not good for White since after} 15.
e5 $140 $6 d4 $15 {Black has a fork.}) 14... a6 ({Or} 14... Rc8 15. Rc1 $14 {
with advantage for White.} (15. Qf3 $14)) 15. Qf3 (15. Rc1 $14) (15. d4 $14)
15... Rc8 16. d4 $14 {Here at this moment I couldn't have been happier. What
else could you ask from the opening?! Space advantage, full control of the
centre and possibilities to create an attack on the kingside.} Nd7 17. e5 {
The computer engines don't like this natural move gaining more space in the
center.} (17. Rac1 b5 (17... e6 18. d5 $14) 18. d5 Na5 19. Nd4 $14 {with
advantage for White is the line that my analysis engine prefers.}) 17... b5 18.
Ne4 $6 {Another natural human move, played without much thinking. But playing
for attack I forget about the counter-play of my opponent. And by playing
a6-a5-a4 and transferring the knight to c4 he creates sufficient counter-play.}
(18. Rac1 $5 Nb6 19. Nxb5 Nxe5 20. dxe5 axb5 21. Rxc8 Nxc8 22. Bd4 Qd7 $14 {
is a possible line suggested by the computer.}) 18... Nb6 19. Rae1 {Played
again rather quickly, I saw nothing forced for myself so I decided to improve
the position of my pieces (rook in this case).} (19. Rad1 Nc4 {and the pawn on
b2 is under attack!}) 19... a5 $1 ({I had completely overlooked this move,
calculating only} 19... Nc4 20. Re2 a5 $132 {when even there Black has
sufficient counter-play.}) 20. Qh3 {Played with an idea e5-e6 and/or f4-f5 at
some point, also liberating the square f3 for the knight b3 (when it will be
later pushed from b3 to d2).} (20. d5 Nb4 (20... Nxd5 21. Rd1 Nb6 22. exd6 $14
{is better for White}) 21. exd6 exd6 22. Nxa5 Qc7 $11 {is equal}) (20. exd6
exd6 21. f5 d5 $15 {doesn't work for White}) (20. Bh4 dxe5 21. dxe5 Nc4 $11 {
also gives White nothing special.}) (20. e6 a4) 20... a4 ({All other move are
not good for Black. For example,} 20... d5 21. Nec5 $14) (20... dxe5 21. dxe5
$14) (20... Nc4 21. e6 h6 22. exf7+ Rxf7 23. Qg4 Kh7 24. d5 $36) 21. Nbd2 Nd5 (
21... dxe5 22. dxe5 Nd5 $11 {is equal}) (21... Nb4 22. f5 gxf5 23. Qxf5 e6 24.
Qh5 $40 {allows White to develop a strong attack.}) 22. Qh4 ({The pawn on f4
is under attack and I don't get anything after the forced line:} 22. Ng5 h6 23.
Ne6 fxe6 24. Qxe6+ Kh7 25. Qxd5 dxe5 26. Qxb5 Nxd4 27. Qxa4 Rxf4 $15 {it is
Black who gets the advantage at the end! So I decided to simply protect the
f4-pawn and be ready to improve the position of the knight on d2 by moving it
to f3.}) 22... h6 $6 {And suddenly Black collapses under the pressure. There
was nothing dangerous in the numerous White ideas and threats.} ({Black could
have played} 22... Ncb4 $17 {and if} 23. e6 h6 $1 {(but this extremely strong
move should have been seen in advance!) The computer, as oppposed to the human
being, doesn't have it keeps a cool head and easily defends the position, even
winning it rather easily against any human player!}) 23. Qg4 {Played first of
all in order not to allow the development of the black queen to d7 where it
would have had a key defensive role. Also this move creates the ideas of
playing f4-f5 or e5-e6.} (23. a3 {is recommended by the computer. After} Qd7
$11 {the chances are equal.}) 23... Kh7 $2 ({Here again there was nothing
dangerous in the white threats, so Black could have played} 23... Ndb4 $15 {
and now} 24. f5 $2 dxe5 $19 {simply loses.}) ({or} 23... Ncb4 $15 {with small
advantage for Black. E.g.} 24. f5 dxe5 25. dxe5 Nd3 {Not only does the king on
h7 have a less secure place than on g8, but also this is a loss of time since
White is gaining a crucial tempo by bringing his last piece into attack.}) 24.
Nf3 {Of course!} Rc7 $2 {Losing move!} (24... dxe5 25. dxe5 e6 (25... Ncb4 26.
f5 $16) 26. Nd6 $16 {is also bad for Black, although not losing by force.} (26.
Rd1 $14)) (24... Kh8 $8 $11 {is the only move which holds the position. Well,
this is a computer move quite difficult for any human player to make.}) 25. f5
$1 $18 {Now Black loses in all lines. White's attack can not be stopped!} dxe5
(25... Qd7 26. e6 Qc8 27. exf7 Qxf5 28. Neg5+ Kh8 29. Nh4 Qxg5 30. Nxg6+ Kh7
31. Nxf8+ Bxf8 32. Qe4+ Kh8 33. Bh4 $18) (25... gxf5 26. Qxf5+ Kh8 27. Nfg5 $18
) 26. fxg6+ fxg6 (26... Kh8 27. Neg5 $18) 27. Neg5+ Kh8 (27... hxg5 28. Nxg5+
Kg8 29. Qe6+ Kh8 30. Qh3+ Kg8 31. Qh7#) 28. Ne6 Qe8 (28... Qd7 29. Qxg6 $18)
29. Qe4 (29. Nxf8 $18) (29. dxe5 $18) 29... Rd7 (29... Nf6 30. Nxc7 Nxe4 31.
Nxe8 Nxf2 32. Nxg7 Nd3 33. Ne6) 30. Nxf8 Qxf8 (30... Bxf8 31. Rc1 $18) 31. Nh4
Qf7 32. Nxg6+ Kg8 33. Nxe5 {Quite a nice attacking game. White smashed Black
completely, making simply natural moves. Before the computer age any player
could have been very proud of it, but nowadays everything looks completely
different under the scrutiny of the computer engines! Well, what I can say...
All chess positions have many more defensive resources than it seems at first 
(or even after a deeper) glance. Keep a cool head defending the positions when
you are under attack. And don't panic! The win in this game allowed me to take
the shared lead in the tournament and finally to win it outright without
sharing it with anyone else.} 1-0

[Event "Lublin 2nd"]
[Site "Lublin"]
[Date "2010.05.11"]
[Round "3"]
[White "Tiviakov, Sergei"]
[Black "Kurnosov, Igor"]
[Result "1-0"]
[WhiteElo "2634"]
[BlackElo "2680"]
[Annotator "Tiviakov,S"]
[PlyCount "79"]
[EventDate "2010.05.09"]
[EventType "tourn"]
[EventRounds "9"]
[EventCountry "POL"]
[SourceTitle "EXT 2011"]
[Source "ChessBase"]
[SourceDate "2010.11.26"]
[SourceVersion "1"]
[SourceVersionDate "2010.11.26"]
[SourceQuality "1"]

1. e4 c5 2. Nc3 d6 3. f4 Nc6 4. Nf3 g6 5. d4 cxd4 6. Nxd4 Bg7 (6... Qb6 7. Bb5
Bd7 (7... a6 8. Nd5 $18) 8. Be3 Bg7 9. Nd5 Qa5+ 10. Bd2 (10. c3 e6 $11) 10...
Qd8 11. Bc3 e6 12. Nxc6 Bxc3+ 13. Nxc3 bxc6 14. Qd4 (14. Be2 $14) 14... f6 15.
Be2 $14) (6... Nf6 {(- 2.Nf3 d6 3.d4 cd 4.Nd4 Nf6 5.Nc3 g6 6.f4 Nc6 (B70))} 7.
Nxc6 bxc6 8. e5 $14) 7. Be3 Nf6 (7... Qb6 8. Bb5 Bd7 {- 6...Qb6 7.Bb5 Bd7 8.
Be3 Bg7}) 8. Be2 O-O 9. Nb3 (9. Qd2 $6 Nxd4 10. Bxd4 e5 $11) (9. O-O Qb6 $11)
9... b6 (9... a5 10. a4 Be6 11. O-O $14 {Tiviakov,S-Colovic,A/Benidorm (rapid)
2009}) (9... Be6 10. O-O $11 (10. g4 d5 11. f5 Bc8 12. exd5 Nb4 13. Bf3 gxf5
14. a3 fxg4 15. Bg2 Na6 $44)) 10. O-O Bb7 11. Bf3 (11. Qd2 Qc8 $146 (11... Qd7)
(11... Rc8) (11... Nd7) 12. Kh1 Ba6 13. Rad1 Bxe2 14. Qxe2 Qg4 15. Qe1 Rac8 16.
h3 Qe6 17. Bg1 Rfe8 18. a3 Nd7 19. Nd4 Nxd4 20. Bxd4 Bxd4 21. Rxd4 Rc5 22. Rf2
Rec8 $11 {Fedorov,A-Topalov,V/Wijk aan Zee 80/(207) 2001}) 11... Rc8 (11... Nd7
$5 12. Qe1 Rc8 13. Qf2 Nb4 14. a3 Na6 15. Nd4 Nac5 16. Rad1 a6 17. Nde2 Qc7 18.
b4 Bxc3 19. Nxc3 Ne6 20. Nd5 Bxd5 21. exd5 Ng7 22. Bg4 b5 23. Bd4 Rce8 24. Rfe1
Nf6 25. Bf3 Nf5 26. Bb2 h5 27. Re2 Qc4 28. g3 Ng4 29. Qe1 Qc7 30. Kg2 Qa7 31.
Rd3 Rc8 32. Be4 Ngh6 33. h3 Rc4 34. Rdd2 Qd7 35. Bd3 Rc7 36. Qf2 Rfc8 37. Rd1
Re8 38. Rde1 Qc8 39. Kh2 Qd8 40. Rg1 Qa8 41. g4 {1-0 Tiviakov,S-Nedilko,V/
Warsaw (rapid) 2009}) 12. Rf2 $5 (12. Qe2 Nd7 13. a3 $14 {Gufeld,E} (13. Rad1
$6 Nb4 $1 14. Qd2 Bxc3 $1 15. bxc3 Nxa2 16. Bd4 e5 17. fxe5 dxe5 18. Bf2 Rc7
$13 {Liberzon,V-Stein,L/Tallinn 7/396 1969/[Gufeld,E]})) 12... Nd7 $6 (12...
Ne8) (12... Qd7) 13. Rd2 $6 (13. e5 $1 $14 {(Tiviakov - Baklan, Lublin (blitz)
2010)} Nc5 (13... dxe5 14. Rd2 Rc7 15. Nb5 $16) 14. Rd2 $14) 13... Bxc3 14.
bxc3 Rc7 (14... Ncb8 $13) (14... Qc7 $13) 15. Qe1 Na5 $2 (15... Qa8 $13) 16.
Nxa5 bxa5 17. Bd4 $16 Qc8 (17... Nc5) (17... Qa8) 18. Bg4 Qa8 19. e5 dxe5 20.
fxe5 Nc5 21. Qh4 (21. Qe3 $16) 21... Ne6 22. Re1 $5 (22. Bxe6 fxe6 $14) 22...
Nxd4 (22... Bd5 $14) 23. cxd4 Kg7 $6 (23... Bd5 $142 $16) 24. c4 $1 Qd8 (24...
Rxc4 25. Qxe7 $18 {/\Qf6, e6; /\e6}) 25. Be2 e6 26. Qf4 Ba6 27. d5 $1 exd5 28.
cxd5 Bxe2 29. Rexe2 Rc1+ 30. Kf2 Qb6+ 31. Re3 Rfc8 32. d6 R8c2 33. Rxc2 Rxc2+
34. Kg3 $18 Qb2 35. d7 Rxg2+ 36. Kh3 Rf2 37. Rf3 Rxf3+ 38. Qxf3 Qd2 39. Qf6+
Kh6 40. Qh4+ 1-0